[Event "World Youth U16 Olympiad"]
[Site "Gyor HUN"]
[Date "2014.12.18"]
[Round "6.13"]
[Board "2"]
[White "Mirza, Diana"]
[Black "Doknjas, John"]
[Result "0-1"]
[WhiteTitle "WCM"]
[BlackTitle "CM"]
[WhiteElo "1768"]
[BlackElo "2080"]
[WhiteTeam "Ireland"]
[BlackTeam "Canada 2"]
[WhiteFideId "2503999"]
[BlackFideId "2608367"]
[EventDate "2014.12.13"]

1. e4 c5 2. Nf3 d6 3. c3 Nf6 4. h3 g6 5. Bd3 Bg7 6. O-O O-O 7. Bc2 e5 8. d4 exd4
9. cxd4 Nc6 10. Nc3 cxd4 11. Nxd4 Nxe4 12. Nxc6 Nxc3 13. Nxd8 Nxd1 14. Nxf7 Nxb2
15. Nxd6 Nc4 16. Nxc4 Bxa1 17. Ba3 Bg7 18. Bxf8 Bxf8 19. Bb3 Be6 20. Re1 Bf7 21.
g3 b5 22. Nd2 Bb4 23. Bxf7+ Kxf7 24. Re2 a5 25. Nb3 Bf8 26. Re5 a4 27. Nd4 b4
28. Rb5 b3 29. Nxb3 axb3 30. Rxb3 Rxa2 31. Rf3+ Kg7 32. h4 Be7 33. Kg2 Ra8 34.
Rd3 Rd8 35. Rb3 Rf8 36. f3 Rf7 37. Kh3 Bc5 38. Rc3 Ba7 39. Rd3 Re7 40. Kg4 Bf2
41. Kh3 Kh6 42. Rd2 Bc5 43. Kg4 Kg7 44. h5 Be3 45. Rc2 g5 46. f4 h6 47. Rc6 Rf7
48. fxg5 Bxg5 49. Kh3 Rf5 50. Kg4 Ra5 51. Rg6+ Kf7 52. Rc6 Bf6 53. Rc7+ Be7 54.
Rc6 Rg5+ 55. Kf4 Rxh5 56. g4 Ra5 57. Kg3 Bf6 58. Rc2 Ra3+ 59. Kg2 Kg6 60. Rf2
Bh4 61. Rf3 Ra4 62. Kh3 Be7 63. Rg3 Bd6 64. Rf3 Bf4 65. Kg2 Kg5 66. Kh3 Ra2 67.
Rxf4 Kxf4 68. g5 Ra3+ 0-1

[Event "World Youth U16 Olympiad"]
[Site "Gyor HUN"]
[Date "2014.12.18"]
[Round "6.13"]
[Board "3"]
[White "Zhu, Hong Rui"]
[Black "Keating, Geoffrey"]
[Result "1-0"]
[WhiteElo "2085"]
[BlackElo "1575"]
[WhiteTeam "Canada 2"]
[BlackTeam "Ireland"]
[WhiteFideId "2614740"]
[BlackFideId "2505746"]
[EventDate "2014.12.13"]

1. e4 c6 2. d4 d5 3. exd5 cxd5 4. Bd3 Nc6 5. c3 Qc7 6. Bg5 Nf6 7. Nd2 Bg4 8.
Ngf3 e6 9. Bh4 Bd6 10. Bg3 O-O 11. O-O Rac8 12. Qe1 Nd7 13. h3 Bxg3 14. hxg4 Bd6
15. g3 e5 16. dxe5 Ndxe5 17. Qb1 g6 18. g5 Ng4 19. Kg2 Qd8 20. Qd1 Be7 21. Qa4
Nge5 22. Nxe5 Nxe5 23. Be2 Nc6 24. f4 Qb6 25. Nb3 Rfd8 26. Rad1 Bc5 27. Bf3 Ne7
28. Bg4 Rc6 29. Rfe1 Kf8 30. Re2 Rcd6 31. Red2 Nc6 32. Bf3 Ne7 33. Nxc5 Qxc5 34.
Qd4 Qxd4 35. Rxd4 Nf5 36. R4d3 d4 37. cxd4 Rxd4 38. Rxd4 Ne3+ 39. Kf2 Nxd1+ 40.
Rxd1 Rc8 41. Rd2 b6 42. a4 Rc4 43. b3 Rc3 44. Bd5 Rc7 45. Bc4 Ke7 46. Kf3 Kf8
47. Bb5 Rc3+ 48. Rd3 Rc7 49. Kg2 Rc2+ 50. Kh3 Rc7 51. Rd7 Rxd7 52. Bxd7 Ke7 53.
Bb5 f6 54. Kg4 Ke6 55. Bc4+ Ke7 56. Bg8 f5+ 57. Kf3 Kf8 58. Bxh7 Kg7 59. Bxg6
Kxg6 60. g4 1-0

[Event "World Youth U16 Olympiad"]
[Site "Gyor HUN"]
[Date "2014.12.18"]
[Round "6.13"]
[Board "4"]
[White "Dwyer, Daniel"]
[Black "Peng, Jackie"]
[Result "1-0"]
[BlackTitle "WIM"]
[WhiteElo "1777"]
[BlackElo "1982"]
[WhiteTeam "Ireland"]
[BlackTeam "Canada 2"]
[WhiteFideId "2507927"]
[BlackFideId "2609819"]
[EventDate "2014.12.13"]

1. e4 c5 2. Nf3 d6 3. d4 cxd4 4. Nxd4 Nf6 5. Nc3 g6 6. Be3 Bg7 7. Bc4 O-O 8. f3
Nc6 9. Qd2 Bd7 10. Nxc6 bxc6 11. Bh6 Bxh6 12. Qxh6 Qa5 13. O-O-O Rab8 14. h4 Be6
15. Bxe6 fxe6 16. h5 Nxh5 17. g4 Nf6 18. g5 Rf7 19. gxf6 exf6 20. Rdg1 Kh8 21.
Qxg6 Rbf8 22. Rg4 Qc7 23. Ne2 f5 24. Rgh4 Qe7 25. Nd4 fxe4 26. Nxe6 Re8 27. Ng5 1-0

[Event "World Youth U16 Olympiad"]
[Site "Gyor HUN"]
[Date "2014.12.18"]
[Round "6.14"]
[Board "1"]
[White "Buzas, Bertalan"]
[Black "Markoja, Boris"]
[Result "0-1"]
[BlackTitle "FM"]
[WhiteElo "2109"]
[BlackElo "2335"]
[WhiteTeam "Transdanubium West"]
[BlackTeam "Slovenia"]
[WhiteFideId "751820"]
[BlackFideId "14608502"]
[EventDate "2014.12.13"]

1. d4 Nf6 2. Nf3 e6 3. Bg5 h6 4. Bh4 b6 5. e3 Bb7 6. Bd3 g5 7. Bg3 g4 8. Ne5 h5
9. f3 d6 10. Bh4 Be7 11. Nc4 gxf3 12. gxf3 Ng4 13. Bxe7 Qxe7 14. h4 f5 15. Rh3
Nd7 16. Qe2 O-O-O 17. a4 Ngf6 18. a5 Rhg8 19. Nbd2 Rg1+ 20. Nf1 Rdg8 21. O-O-O
R8g2 22. Qe1 Nd5 23. Rd2 Rg8 24. axb6 axb6 25. Rdh2 Qg7 26. Rh1 Rxh1 27. Rxh1
Qg2 28. Nfd2 N7f6 29. Qf1 Nb4 30. Qxg2 Nxd3+ 31. cxd3 Rxg2 32. Kd1 Nd5 33. e4
Nb4 34. Ne3 Rg3 35. Rf1 f4 36. Nec4 Nxd3 37. Ke2 Nb4 38. Rc1 Ba6 39. d5 exd5 40.
exd5 Rg2+ 0-1

[Event "World Youth U16 Olympiad"]
[Site "Gyor HUN"]
[Date "2014.12.18"]
[Round "6.14"]
[Board "2"]
[White "Unuk, Laura"]
[Black "Acs, Marton"]
[Result "1-0"]
[WhiteTitle "WIM"]
[WhiteElo "2249"]
[BlackElo "1969"]
[WhiteTeam "Slovenia"]
[BlackTeam "Transdanubium West"]
[WhiteFideId "14609215"]
[BlackFideId "765139"]
[EventDate "2014.12.13"]

1. d4 Nf6 2. c4 e6 3. Nf3 Bb4+ 4. Bd2 Qe7 5. g3 Nc6 6. Nc3 d5 7. Bg2 O-O 8. O-O
Bxc3 9. Bxc3 Ne4 10. Rc1 a5 11. e3 a4 12. Nd2 f5 13. Nxe4 fxe4 14. f3 exf3 15.
Bxf3 dxc4 16. a3 Qg5 17. Qe2 Bd7 18. Rce1 Kh8 19. Qxc4 Rac8 20. Kg2 b5 21. Qe2
Rb8 22. h4 Qg6 23. e4 b4 24. axb4 e5 25. d5 Nxb4 26. Bxb4 Rxb4 27. Bg4 Rfb8 28.
Bxd7 Rxb2 29. Rf8+ 1-0

[Event "World Youth U16 Olympiad"]
[Site "Gyor HUN"]
[Date "2014.12.18"]
[Round "6.14"]
[Board "3"]
[White "Arvai, Eszter"]
[Black "Cretnik, Urban"]
[Result "1/2-1/2"]
[WhiteElo "1978"]
[BlackElo "2214"]
[WhiteTeam "Transdanubium West"]
[BlackTeam "Slovenia"]
[WhiteFideId "732583"]
[BlackFideId "14608480"]
[EventDate "2014.12.13"]

1. d4 d5 2. Nf3 c6 3. g3 Nf6 4. Bg2 Bg4 5. O-O e6 6. Nbd2 Be7 7. c4 Nbd7 8. b3
h6 9. Re1 O-O 10. e4 dxe4 11. Nxe4 Nxe4 12. Rxe4 Bf5 13. Re1 Bf6 14. Bb2 Qc7 15.
Ne5 c5 16. Qe2 cxd4 17. Bxd4 Rfd8 18. Nf3 a6 19. Rad1 Bg6 20. Bxf6 Nxf6 21. Ne5
Bf5 22. g4 Bh7 23. h4 Rxd1 24. Rxd1 Rd8 25. Rxd8+ Qxd8 26. Bxb7 Qb6 27. Bf3 Bb1
28. g5 hxg5 29. hxg5 Nh7 30. g6 Bxg6 31. Nxg6 fxg6 32. Bg4 Kf7 33. Qe3 Qxe3 34.
fxe3 a5 35. a3 Ke7 36. b4 axb4 37. axb4 Nf6 38. Bf3 e5 39. Kf2 e4 40. Bd1 Kd6
41. Kg3 g5 42. Bc2 Kc6 43. Ba4+ Kd6 44. c5+ Kd5 45. c6 Kd6 46. b5 Kc7 47. Bb3
Kb6 48. Bc4 Kc7 49. Kf2 Ne8 50. Be2 Kb6 51. Ke1 Nf6 52. Kd2 g4 53. Kc3 g3 54.
Bf1 Ng4 55. Kd4 Nh2 56. Bg2 Nf3+ 57. Kxe4 Ne1 58. Bf1 g2 59. Bxg2 Nxg2 60. Kf5
Nxe3+ 61. Kg6 Nd5 62. Kxg7 Nc7 63. Kf6 1/2-1/2

[Event "World Youth U16 Olympiad"]
[Site "Gyor HUN"]
[Date "2014.12.18"]
[Round "6.14"]
[Board "4"]
[White "Bratkovic, Jakob"]
[Black "Szabo, Benjamin"]
[Result "1/2-1/2"]
[WhiteElo "2158"]
[BlackElo "1947"]
[WhiteTeam "Slovenia"]
[BlackTeam "Transdanubium West"]
[WhiteFideId "14608634"]
[BlackFideId "761095"]
[EventDate "2014.12.13"]

1. e4 e5 2. Nf3 Nc6 3. Bc4 Bc5 4. O-O Nf6 5. d3 O-O 6. Nbd2 a6 7. Bb3 d6 8. c3
Ba7 9. h3 h6 10. Re1 Ne7 11. Nf1 Ng6 12. d4 c6 13. Ng3 Qc7 14. dxe5 dxe5 15. Nf5
Bc5 16. N3h4 Bxf5 17. Nxf5 Ne7 18. Nh4 Qd6 19. Qf3 Nh7 20. Qg3 Qf6 21. Nf3 Ng6
22. Nh2 Qh4 23. Qxh4 Nxh4 24. g3 Ng6 25. Kg2 Rad8 26. Ng4 Rd7 27. h4 h5 28. Nh2
Rfd8 29. Nf3 Kf8 30. Be3 Bxe3 31. Rxe3 Nf6 32. Ng5 b5 33. a4 c5 34. axb5 axb5
35. Ra5 c4 36. Ba2 Rb7 37. b3 Rc8 38. bxc4 bxc4 39. Ra4 Rbc7 40. Re1 Ke7 41. Rb1
Ne8 42. Rbb4 Nd6 43. f3 Nf8 44. Nh3 Nd7 45. Ra5 f6 46. Nf2 1/2-1/2

[Event "World Youth U16 Olympiad"]
[Site "Gyor HUN"]
[Date "2014.12.18"]
[Round "6.15"]
[Board "1"]
[White "Mraz, Ondrej"]
[Black "Zhou, Jiangnan"]
[Result "0-1"]
[WhiteElo "2138"]
[BlackElo "2100"]
[WhiteTeam "Slovakia Middle"]
[BlackTeam "China"]
[WhiteFideId "14900335"]
[BlackFideId "8609918"]
[EventDate "2014.12.13"]

1. e4 c5 2. Nf3 Nc6 3. d3 g6 4. g3 Bg7 5. Bg2 d6 6. O-O Rb8 7. Nbd2 b5 8. Re1 e6
9. Nf1 Nge7 10. Rb1 O-O 11. Be3 Qa5 12. Qc1 e5 13. Nh4 Qxa2 14. f4 f6 15. h3 Qf7
16. Nh2 Kh8 17. Rf1 Qg8 18. Qd1 Bd7 19. c3 a5 20. d4 exf4 21. gxf4 cxd4 22. cxd4
d5 23. e5 Nf5 24. Nxf5 Bxf5 25. Rc1 Qe6 26. Qb3 Rfd8 27. Rc5 Nb4 28. Bd2 Bd3 29.
Bxb4 Bc4 30. Qg3 axb4 31. Re1 b3 32. Ng4 f5 33. Ne3 Rd7 34. Nxc4 bxc4 35. Qf3
Rbd8 36. Ra1 Qb6 37. Raa5 Bf8 38. Rab5 Bxc5 39. Rxb6 Bxd4+ 40. Kf1 Bxb6 41. Qc3
Rc7 42. e6+ d4 43. Qb4 Ba7 44. Qb5 c3 45. Qe5+ Rg7 46. e7 Re8 47. bxc3 b2 48.
Qb5 Rgxe7 0-1

[Event "World Youth U16 Olympiad"]
[Site "Gyor HUN"]
[Date "2014.12.18"]
[Round "6.15"]
[Board "2"]
[White "Dai, Changren"]
[Black "Haring, Viktor"]
[Result "1-0"]
[WhiteElo "2301"]
[BlackElo "2051"]
[WhiteTeam "China"]
[BlackTeam "Slovakia Middle"]
[WhiteFideId "8608156"]
[BlackFideId "14919400"]
[EventDate "2014.12.13"]

1. e4 c5 2. Nf3 Nc6 3. Nc3 g6 4. d4 cxd4 5. Nxd4 Bg7 6. Be3 Nf6 7. Bc4 Qa5 8.
O-O d6 9. Nb3 Qd8 10. Be2 O-O 11. f4 Be6 12. Bf3 Nd7 13. Qe2 Bxb3 14. axb3 Bd4
15. Bxd4 Nxd4 16. Qf2 Nc6 17. Nd5 e6 18. Ne3 Qf6 19. g3 Nd4 20. Bg2 a6 21. Rad1
e5 22. b4 Rad8 23. c3 Nb5 24. f5 h5 25. Nd5 Qg7 26. Bh3 g5 27. f6 Qh6 28. Qe3
Kh7 29. Bf5+ Kh8 30. Bxd7 Rxd7 31. Rf5 Rg8 32. Ne7 Rxe7 33. fxe7 f6 34. Rdf1 Kg7
35. Qf2 1-0

[Event "World Youth U16 Olympiad"]
[Site "Gyor HUN"]
[Date "2014.12.18"]
[Round "6.15"]
[Board "3"]
[White "Sahidi, Samir"]
[Black "Xu, Yi"]
[Result "0-1"]
[BlackTitle "FM"]
[WhiteElo "2026"]
[BlackElo "2360"]
[WhiteTeam "Slovakia Middle"]
[BlackTeam "China"]
[WhiteFideId "14936372"]
[BlackFideId "8605564"]
[EventDate "2014.12.13"]

1. e4 c5 2. Nc3 a6 3. g3 b5 4. Bg2 Bb7 5. d3 e6 6. f4 d5 7. e5 Nc6 8. Nf3 h5 9.
O-O g6 10. Ne2 Nh6 11. d4 Qb6 12. Be3 Ng4 13. Qd2 h4 14. dxc5 Bxc5 15. Bxc5
Qxc5+ 16. Nfd4 hxg3 17. hxg3 Qf8 18. Nxc6 Qh6 19. Rf3 Bxc6 20. Qd4 Rc8 21. b4
Ba8 22. c3 O-O 23. Qd3 d4 24. Nxd4 Bd5 25. Qe2 Qh2+ 26. Kf1 Bc4 27. Rd3 Bxd3 28.
Qxd3 Rfd8 29. Qf3 Qh5 30. Ke2 Rxd4 31. cxd4 Rc2+ 32. Ke1 Qh2 0-1

[Event "World Youth U16 Olympiad"]
[Site "Gyor HUN"]
[Date "2014.12.18"]
[Round "6.15"]
[Board "4"]
[White "Zhang, Jiabao"]
[Black "Poliakova, Emma"]
[Result "1-0"]
[WhiteElo "2089"]
[BlackElo "1679"]
[WhiteTeam "China"]
[BlackTeam "Slovakia Middle"]
[WhiteFideId "8606560"]
[BlackFideId "73601144"]
[EventDate "2014.12.13"]

1. e4 c5 2. Nf3 Nc6 3. d4 cxd4 4. Nxd4 Nf6 5. Nc3 e5 6. Ndb5 d6 7. Bg5 a6 8. Na3
b5 9. Bxf6 gxf6 10. Nd5 Bg7 11. Bd3 Be6 12. O-O O-O 13. c4 bxc4 14. Nxc4 f5 15.
Ndb6 Bxc4 16. Nxc4 f4 17. g3 Nd4 18. Nd2 f5 19. Nb3 fxe4 20. Nxd4 exd3 21. Ne6
Qd7 22. Nxf8 Rxf8 23. Qxd3 f3 24. Rfe1 d5 25. Rad1 Qh3 26. Qf1 Qe6 27. h4 e4 28.
Kh2 d4 29. Rd3 Qf5 30. Rxd4 Bxd4 31. Qc4+ Rf7 32. Qxd4 Re7 33. Re3 Re6 34. b4
Qe5 35. Qxe5 Rxe5 36. g4 Kg7 37. Kg3 1-0

[Event "World Youth U16 Olympiad"]
[Site "Gyor HUN"]
[Date "2014.12.18"]
[Round "6.16"]
[Board "1"]
[White "Valkama, Eero"]
[Black "Csuta, Akos Koppany"]
[Result "1-0"]
[WhiteElo "2108"]
[BlackElo "2027"]
[WhiteTeam "Finland"]
[BlackTeam "Györ (Hungary)"]
[WhiteFideId "507555"]
[BlackFideId "760390"]
[EventDate "2014.12.13"]

1. e4 c5 2. Nf3 d6 3. c3 Nf6 4. Bd3 g6 5. O-O Bg7 6. Re1 O-O 7. h3 Nc6 8. Bf1 e5
9. d3 b6 10. Na3 Re8 11. Bd2 d5 12. b4 cxb4 13. cxb4 Bf8 14. Qb3 d4 15. Rac1 Bb7
16. Rc2 Qe7 17. b5 Na5 18. Bxa5 Qxa3 19. Bd2 Qxb3 20. axb3 Rac8 21. Ra2 Rc5 22.
Rxa7 Bc8 23. Rc1 Rxb5 24. Rcc7 Nd7 25. b4 Bd6 26. Rc4 Bb8 27. Ra1 Nf8 28. Be2
Be6 29. Rc2 Bd6 30. Rb2 Nd7 31. Rab1 Ra8 32. Ng5 Nb8 33. Nxe6 fxe6 34. Rc2 Kf7
35. Bd1 Ra3 36. Be1 Na6 37. Rcb2 Nb8 38. Bb3 Na6 39. Bc4 Nc7 40. Kh2 Ke7 41. g4
Kd7 42. Bd2 Kc6 43. h4 Ne8 44. Rc2 Be7 45. Bxe6+ Kd6 46. Bc4 Nc7 47. Kg3 Kc6 48.
Bxb5+ Kxb5 49. Rxc7 Rxd3+ 50. f3 Bf8 51. Be1 Ra3 52. Rxh7 d3 53. Rf7 Bd6 54. Rf6
Kc6 55. Rxg6 Ra2 56. Rd1 1-0

[Event "World Youth U16 Olympiad"]
[Site "Gyor HUN"]
[Date "2014.12.18"]
[Round "6.16"]
[Board "2"]
[White "Pesti, Mate"]
[Black "Keinanen, Toivo"]
[Result "0-1"]
[WhiteElo "1649"]
[BlackElo "2045"]
[WhiteTeam "Györ (Hungary)"]
[BlackTeam "Finland"]
[WhiteFideId "772194"]
[BlackFideId "509825"]
[EventDate "2014.12.13"]

1. e4 e6 2. d4 d5 3. e5 c5 4. c3 Nc6 5. Nf3 Bd7 6. Bd3 Qb6 7. dxc5 Bxc5 8. Qe2
a5 9. a4 Nge7 10. O-O Ng6 11. Bxg6 hxg6 12. Bf4 Ne7 13. Be3 Bxe3 14. fxe3 Nf5
15. Nd4 Qc7 16. e4 dxe4 17. Qxe4 Qb6 18. Nd2 Bc6 19. Qd3 Rd8 20. Nc4 Qc5 21.
Rfd1 Bxg2 22. Kxg2 Qxc4 23. Qxc4 Ne3+ 24. Kg1 Nxc4 25. Nb5 Ke7 26. Re1 Rd5 27.
b3 Nxe5 28. c4 Nf3+ 29. Kf2 Rf5 30. Red1 Nd4+ 31. Kg2 Nc2 0-1

[Event "World Youth U16 Olympiad"]
[Site "Gyor HUN"]
[Date "2014.12.18"]
[Round "6.16"]
[Board "3"]
[White "Syvalahti, Timo"]
[Black "Kurcsics, Erika"]
[Result "1-0"]
[WhiteElo "1923"]
[BlackElo "1803"]
[WhiteTeam "Finland"]
[BlackTeam "Györ (Hungary)"]
[WhiteFideId "509515"]
[BlackFideId "713848"]
[EventDate "2014.12.13"]

1. d4 f5 2. g4 fxg4 3. h3 d5 4. Qd3 Nf6 5. hxg4 Bxg4 6. Nf3 Bxf3 7. exf3 c6 8.
Bh3 Qd6 9. Nc3 Na6 10. Bg5 e6 11. O-O-O O-O-O 12. Rhe1 Re8 13. Re3 Nc7 14. Rde1
Kd7 15. Ne2 c5 16. dxc5 Qh2 17. Nf4 h6 18. Bxf6 Qxf4 19. Be5 Qh4 20. Bxc7 Qxh3
21. Qb5+ Kxc7 22. Qxe8 Qf5 23. Rxe6 Qxf3 24. Re7+ 1-0

[Event "World Youth U16 Olympiad"]
[Site "Gyor HUN"]
[Date "2014.12.18"]
[Round "6.16"]
[Board "4"]
[White "Nemeth, Balint"]
[Black "Nazarova, Anastasia"]
[Result "1/2-1/2"]
[BlackTitle "WCM"]
[WhiteElo "1560"]
[BlackElo "1850"]
[WhiteTeam "Györ (Hungary)"]
[BlackTeam "Finland"]
[WhiteFideId "763837"]
[BlackFideId "34101737"]
[EventDate "2014.12.13"]

1. e4 c5 2. Nf3 g6 3. c3 Bg7 4. d4 cxd4 5. cxd4 d5 6. exd5 Nf6 7. Nc3 O-O 8. Bc4
Nbd7 9. d6 exd6 10. O-O Nb6 11. Bb3 h6 12. Bf4 a6 13. Re1 Nh5 14. Be3 Kh7 15.
Qc2 f5 16. d5 Nd7 17. Bd4 Nhf6 18. Re2 Re8 19. Rae1 Rxe2 20. Qxe2 b5 21. Qe7 Qf8
22. Re6 Qxe7 23. Rxe7 Kg8 24. Re6 b4 25. Ne2 a5 26. Rxd6 a4 27. Bd1 Kf7 28. b3
a3 29. Bc2 Bf8 30. Rc6 Nxd5 31. Bd3 Bb7 32. Rc1 Ke8 33. Bc4 Rc8 34. Re1 Kd8 35.
Ne5 Nxe5 36. Bxe5 Nb6 37. Rd1+ Ke8 38. Bb5+ Bc6 39. Bd3 Nd7 40. Bd4 Nc5 41. Bc4
Ne4 42. Re1 Kd7 43. Nf4 Kc7 44. Nxg6 Bd6 45. Ne5 Bxe5 46. Bxe5+ Kb7 47. Bd3 Rd8
48. Bxe4 fxe4 49. Bf4 h5 50. g3 Rd3 51. Rc1 Bd5 52. Bd6 Bxb3 53. Bxb4 Bxa2 54.
Ra1 Bd5 55. Bxa3 Kc6 56. Rc1+ Kd7 57. Bc5 Ke6 58. Be3 Kd7 59. Ra1 1/2-1/2

[Event "World Youth U16 Olympiad"]
[Site "Gyor HUN"]
[Date "2014.12.18"]
[Round "6.17"]
[Board "1"]
[White "Dankhazi, Andras"]
[Black "Gorodetzky, David"]
[Result "0-1"]
[WhiteElo "2237"]
[BlackElo "2164"]
[WhiteTeam "Hungary 3"]
[BlackTeam "Rehovot Chess School"]
[WhiteFideId "714267"]
[BlackFideId "2813416"]
[EventDate "2014.12.13"]

1. Nf3 Nf6 2. c4 e6 3. g3 Be7 4. Bg2 d5 5. b3 c5 6. Bb2 O-O 7. O-O Nc6 8. e3 d4
9. exd4 cxd4 10. Re1 Ne8 11. Ne5 Nxe5 12. Rxe5 f6 13. Re1 e5 14. Ba3 Nc7 15. d3
a5 16. Bxe7 Qxe7 17. a3 Ra6 18. Nd2 Ne6 19. Qc2 Rb6 20. Bd5 Kh8 21. Rec1 Nc5 22.
Rab1 Bf5 23. Be4 Bxe4 24. dxe4 Na6 25. Ra1 Rc8 26. Nf3 Rd6 27. Nd2 Rdc6 28. Qb2
Nc5 29. Qc2 Ne6 30. Qb2 Rb6 31. Qc2 Qc5 32. Nf3 Rd6 33. Ne1 Qc6 34. f3 d3 35.
Nxd3 Nd4 36. Qd1 Rcd8 37. Nf2 f5 38. Kg2 f4 39. Kh1 fxg3 40. hxg3 Nf5 41. Qe1
Nxg3+ 42. Kg2 Rg6 43. Ng4 Nxe4 44. Qxe4 Qxe4 45. fxe4 Rxg4+ 46. Kf3 Rf4+ 47. Kg2
Rxe4 48. Re1 Rg4+ 49. Kf3 Rf4+ 50. Kg2 Rd2+ 51. Kg1 Rg4+ 52. Kf1 h6 53. Rxe5 a4
54. bxa4 Rxc4 55. Rb5 Rf4+ 56. Kg1 Rd6 57. Ra2 Rg6+ 58. Rg2 Rxg2+ 59. Kxg2 Rxa4
60. Rxb7 Rxa3 61. Rb8+ Kh7 62. Rb6 h5 63. Rc6 g6 64. Rb6 Kh6 65. Rc6 h4 66. Rb6
Kh5 67. Kh2 g5 68. Rb5 h3 69. Rb8 Kh4 70. Rh8+ Kg4 71. Rb8 Ra2+ 72. Kg1 Kh4 73.
Rb7 g4 74. Rb4 Re2 75. Ra4 Kg3 76. Ra3+ Kf4 77. Ra8 Kf3 78. Ra3+ Re3 79. Ra1 g3
80. Rf1+ Kg4 81. Ra1 h2+ 82. Kg2 Re2+ 83. Kh1 Kh3 0-1

[Event "World Youth U16 Olympiad"]
[Site "Gyor HUN"]
[Date "2014.12.18"]
[Round "6.17"]
[Board "2"]
[White "Zlatin, Alexander"]
[Black "Peczely, Sebastian Zsombor"]
[Result "1/2-1/2"]
[WhiteElo "2032"]
[BlackElo "2197"]
[WhiteTeam "Rehovot Chess School"]
[BlackTeam "Hungary 3"]
[WhiteFideId "2810549"]
[BlackFideId "750964"]
[EventDate "2014.12.13"]

1. e4 e5 2. Nf3 Nc6 3. Bc4 Bc5 4. c3 Nf6 5. d3 O-O 6. O-O h6 7. d4 Bd6 8. Re1
Re8 9. Nbd2 Bf8 10. d5 Nb8 11. Nf1 d6 12. Ng3 g6 13. h3 Bg7 14. Be3 Rf8 15. Bd3
Nbd7 16. Qd2 Kh7 17. b4 b6 18. c4 Qe7 19. Qc2 a5 20. a3 Kg8 21. Rec1 Nb8 22. Qd2
Kh7 23. Rab1 axb4 24. axb4 Nbd7 25. Qc2 Ra3 26. Ra1 Rxd3 27. Qxd3 Nxe4 28. Nxe4
f5 29. Nfd2 fxe4 30. Nxe4 Nf6 31. Nxf6+ Qxf6 32. Ra7 Rf7 33. c5 bxc5 34. bxc5
Bf5 35. Qa6 Bf8 36. cxd6 Bxd6 37. Qa2 Be4 38. Qc4 Qf5 39. Ra4 Bd3 40. Qg4 h5 41.
Qxf5 gxf5 42. Bc5 Be4 43. Bxd6 cxd6 44. Ra6 Rg7 45. Rxd6 f4 46. Rc5 Bxg2 47. Kh2
Bf3 48. h4 e4 49. Rb6 e3 50. fxe3 Rg2+ 51. Kh3 Rg3+ 1/2-1/2

[Event "World Youth U16 Olympiad"]
[Site "Gyor HUN"]
[Date "2014.12.18"]
[Round "6.17"]
[Board "3"]
[White "Marosi, Levente"]
[Black "Parkhov, Yair"]
[Result "1-0"]
[WhiteElo "2211"]
[BlackElo "1960"]
[WhiteTeam "Hungary 3"]
[BlackTeam "Rehovot Chess School"]
[WhiteFideId "747181"]
[BlackFideId "2813408"]
[EventDate "2014.12.13"]

1. e4 e6 2. d4 d5 3. Nc3 Nf6 4. Bg5 Be7 5. e5 Nfd7 6. Bxe7 Qxe7 7. f4 O-O 8. Nf3
f6 9. exf6 Nxf6 10. Qd2 c5 11. O-O-O Nc6 12. Bb5 cxd4 13. Nxd4 Bd7 14. Rhe1 Nxd4
15. Bxd7 Nb3+ 16. axb3 Qxd7 17. Qe2 Rae8 18. g3 Qc7 19. Qd3 Kh8 20. Qd4 a6 21.
Re2 Re7 22. Rde1 Rfe8 23. h3 Nh5 24. Re3 h6 25. Qd1 Nf6 26. Qd4 Nh5 27. Kb1 b5
28. Qd1 Nf6 29. Qd4 Nh5 30. Nd1 Nf6 31. Nf2 Nd7 32. Nd3 Qd6 33. g4 Kg8 34. h4 a5
35. g5 h5 36. g6 Rf8 37. Rg3 Rf5 38. Rg5 Rxg5 39. hxg5 Qb8 40. f5 Qf8 41. fxe6
Qe8 42. exd7 Rxe1+ 43. Nxe1 Qxe1+ 44. Ka2 1-0

[Event "World Youth U16 Olympiad"]
[Site "Gyor HUN"]
[Date "2014.12.18"]
[Round "6.17"]
[Board "4"]
[White "Gorodetzky, Matan"]
[Black "Kassay, Lilla"]
[Result "0-1"]
[WhiteElo "1751"]
[BlackElo "1889"]
[WhiteTeam "Rehovot Chess School"]
[BlackTeam "Hungary 3"]
[WhiteFideId "2813394"]
[BlackFideId "751138"]
[EventDate "2014.12.13"]

1. e4 c5 2. c3 Nf6 3. e5 Nd5 4. d4 cxd4 5. cxd4 d6 6. Nf3 Nc6 7. Bc4 e6 8. O-O
Be7 9. exd6 Qxd6 10. Nc3 Nxc3 11. bxc3 O-O 12. Re1 Bd7 13. Bb3 Rac8 14. Bc2 Bf6
15. Ng5 Bxg5 16. Bxg5 Qd5 17. h4 Rfe8 18. Be4 Qc4 19. Rb1 b6 20. Re3 Ne7 21. Rb4
Qxa2 22. Rg3 f5 23. Bf6 Ng6 24. Bb1 Qa3 25. h5 Rxc3 26. Rb3 Rc1 0-1

[Event "World Youth U16 Olympiad"]
[Site "Gyor HUN"]
[Date "2014.12.18"]
[Round "6.18"]
[Board "1"]
[White "Taalaibekov, Tagir"]
[Black "Dale, Ari"]
[Result "0-1"]
[BlackTitle "IM"]
[WhiteElo "2047"]
[BlackElo "2252"]
[WhiteTeam "Kyrgyzstan"]
[BlackTeam "Australia"]
[WhiteFideId "13801163"]
[BlackFideId "3213145"]
[EventDate "2014.12.13"]

1. d4 Nf6 2. c4 g6 3. Nc3 d5 4. Nf3 Bg7 5. Qb3 dxc4 6. Qxc4 O-O 7. e4 Na6 8. Be2
c5 9. dxc5 Qa5 10. O-O Be6 11. Nd5 Bxd5 12. exd5 Qxc5 13. Be3 Qxc4 14. Bxc4 Nb4
15. Rfd1 Nc2 16. Rac1 Nxe3 17. fxe3 Ng4 18. Bb3 Bh6 19. Rc7 Bxe3+ 20. Kf1 Bf4
21. Rxe7 Ne3+ 22. Ke2 Nxd1 23. Kxd1 Rab8 24. Re4 Bd6 25. Ra4 a6 26. Ng5 h6 27.
Ne4 Be5 28. Rc4 Rfd8 29. Rc2 Rbc8 30. Rf2 f5 31. Nd2 b5 32. Nf3 Bf6 33. Ne1 a5
34. a3 a4 35. Ba2 Rd6 36. Nd3 Kf7 37. h3 h5 38. Rf4 Ke7 39. Rb4 Rb6 40. Rf4 h4
41. Rf2 Rd6 42. Rf4 Kd7 43. Rb4 Rb6 44. Rf4 Kd6 45. Rf2 Re8 46. Rc2 Bd4 47. Nf4
g5 48. Ne6 Bf6 49. Nc7 Reb8 50. Kd2 Bxb2 51. Rxb2 Kxc7 52. Kd3 Kd6 53. Re2 b4
54. axb4 Rxb4 55. Re6+ Kd7 56. Rg6 Rb2 57. Bc4 a3 58. Rg7+ Kd6 59. Rg6+ Ke7 60.
Ra6 Rxg2 61. Kd4 g4 62. Ke5 gxh3 63. Ra7+ Kd8 64. Rxa3 h2 65. Rh3 Rb1 0-1

[Event "World Youth U16 Olympiad"]
[Site "Gyor HUN"]
[Date "2014.12.18"]
[Round "6.18"]
[Board "2"]
[White "Puccini, Jack"]
[Black "Isaev, Chingys"]
[Result "1-0"]
[WhiteTitle "CM"]
[WhiteElo "2188"]
[BlackElo "1949"]
[WhiteTeam "Australia"]
[BlackTeam "Kyrgyzstan"]
[WhiteFideId "3213307"]
[BlackFideId "13801660"]
[EventDate "2014.12.13"]

1. e4 e5 2. Nc3 Nf6 3. Bc4 Nc6 4. d3 Bc5 5. f4 d6 6. Nf3 O-O 7. Na4 Bb6 8. Nxb6
axb6 9. a3 exf4 10. O-O Ne5 11. Ba2 Ng6 12. Qe1 Qe7 13. Nh4 Qe5 14. Nxg6 hxg6
15. c3 g5 16. h4 gxh4 17. Bxf4 Qh5 18. e5 Re8 19. d4 h3 20. Qg3 hxg2 21. Kxg2
Qe2+ 22. Rf2 Qe4+ 23. Kg1 Ng4 24. Rg2 Bd7 25. Rf1 Bc6 26. d5 Bd7 27. e6 Qf5 28.
exd7 1-0